000 00348nam a2200121Ia 4500
008 230907s9999||||xx |||||||||||||| ||und||
082 _a621.3827
_bMAI
100 _aMaier, Martin,
_9115887
245 0 _aOptical switching networks /
260 _aCambridge University Press,
_bCambridge ; | New York :
_c2008
300 _axx, 324 p. :
942 _cBK
999 _c600070
_d600070